000 00537nam a2200193Ia 4500
005 20250326124231.0
008 250326s9999 xx 000 0 und d
037 _aTextbook
040 _aFMSL
_beng
_cFMSL
041 _aeng
_2eng
084 _aX:513 K4;5
_qFMSL
100 _aKirkpatrick C A
_9240892
245 0 _aAdvertising: mass communication in marketing
_cKirkpatrick C A
250 _a2
260 _aNY
_bNY, Goughton Mifflin
_c1964
300 _a514p
942 _cTB
_hX:513 K4;5
999 _c1272871
_d1272871